000 00849nam a2200253Ia 4500
003 OSt
005 20220923220710.0
006 a|||||r|||| 00| 0
007 ta
008 220922b |||||||| |||| 00| 0 hin d
024 _a189,316
037 _cTextual
040 _aARTS
_cARTS
_bhin
041 _2hin
_ahin
082 _aO152,2N251x, L9
100 _aमोहन राकेश
245 0 _aरात बीतने तक अन्य ध्वनि नाटक
246 _aRāt bītane tak anya dhvani nāṭaka
260 _aनई दिल्ली
_b राधाकृष्ण प्रकाशन
_c1978
300 _a184पृ.
_ccm.
650 _aहिन्दी साहित्य
_9156264
942 _hO152,2N251x, L9
_cTEXL
_2CC
999 _c342159
_d342159